Find the Cartoon Kids Quiz Stats

 Plays Quiz Updated Jul 19, 2017

Challenge
Share
Tweet
Score 0/40 Timer 07:00
0 Plays Today
% Correct
Bart
Simpson
93.9%
Strawberry
Shortcake
92.7%
Batgirl
91.9%
Velma
Dinkley
91.4%
Lilo
Pelekai
90.9%
Fred Jones
88.6%
Christopher
Robin
88%
Jimmy
Neutron
88%
Mowgli
87.1%
Beavis
86.4%
Pippi
Longstocking
86.1%
Fa Mulan
85.3%
Sally
Brown
82.4%
Phineas
Flynn
82.3%
Son Goku
81.3%
Danny
Phantom
80.4%
Buttercup
80.1%
Ralph
Wiggum
78.8%
Linus van Pelt
78.6%
WordGirl
77.7%
% Correct
Agnes Gru
77.4%
Caillou
75.1%
Tintin
74.9%
Calvin
74.9%
Tina
Belcher
73.5%
Eddy
71%
Dee Dee
70.2%
Violet Parr
70%
Russell
69.5%
Misty
69%
Stan Marsh
67.1%
Dipper
Pines
65.3%
Kyle Broflovski
63.5%
Penny Proud
59.9%
Finn
Mertens
59.8%
Lydia
Deetz
57.1%
Mary
Spuckler
55.8%
Cubert J.
Farnsworth
55.2%
Tucker Foley
53.9%
Wendy
Testaburger
53%

You're not logged in!

Compare scores with friends on all Sporcle quizzes.
OR
Log In

You Might Also Like...

Show Comments

Extras

Top Quizzes Today


Score Distribution

Your Account Isn't Verified!

In order to create a playlist on Sporcle, you need to verify the email address you used during registration. Go to your Sporcle Settings to finish the process.

Report this User

Report this user for behavior that violates our Community Guidelines.

Details: